In search of lost time. t.IV, The fugitive time regained /

সংরক্ষণ করুন:
গ্রন্থ-পঞ্জীর বিবরন
প্রধান লেখক: Proust, Marcel.
বিন্যাস: Sách giấy
ভাষা:English
প্রকাশিত: United Kingdom : Everyman's Library, 2001.
বিষয়গুলি:
ট্যাগগুলো: ট্যাগ যুক্ত করুন
কোনো ট্যাগ নেই, প্রথমজন হিসাবে ট্যাগ করুন!
Thư viện lưu trữ: Thư viện Trường Đại học Đà Lạt
LEADER 00746nam a2200313 4500
001 DLU110119626
005 ##20110413
040 # # |a DLU  |b vie 
041 # # |a eng 
044 # # |a vn 
082 # # |a 843  |b PR-M 
100 # # |a Proust, Marcel. 
245 # # |a In search of lost time.  |n t.IV,  |p The fugitive time regained /  |c Marcel Proust. 
260 # # |a United Kingdom :  |b Everyman's Library,  |c 2001. 
300 # # |a 637 tr. ;  |c 22 cm. 
653 # # |a French fiction 
653 # # |a French literature 
923 # # |a 01/2011NN 
990 # # |a t.IV 
991 # # |a GT 
992 # # |a 0 
994 # # |a KNN 
900 # # |a True 
911 # # |a Đào Thị Thu Huyền 
925 # # |a G 
926 # # |a A 
927 # # |a SH 
980 # # |a Thư viện Trường Đại học Đà Lạt